International children's Bible handbook. (Record no. 3363)

000 -LEADER
fixed length control field 00820nam a2200217 a 4500
001 - CONTROL NUMBER
control field :::00001093$&:&@@
003 - CONTROL NUMBER IDENTIFIER
control field OkBaRHE
005 - DATE AND TIME OF LATEST TRANSACTION
control field 20091021115307.0
008 - FIXED-LENGTH DATA ELEMENTS--GENERAL INFORMATION
fixed length control field s1986 j 000 0 eng u
040 ## - CATALOGING SOURCE
Transcribing agency
100 1# - MAIN ENTRY--PERSONAL NAME
Personal name Richards, Larry, 1931-
245 10 - TITLE STATEMENT
Title International children's Bible handbook.
260 ## - PUBLICATION, DISTRIBUTION, ETC. (IMPRINT)
Place of publication, distribution, etc Fort Worth, TX., :
Name of publisher, distributor, etc Worthy Pub.
Date of publication, distribution, etc 1986
300 ## - PHYSICAL DESCRIPTION
Extent 224 p. : illus. (some col.) ;
Dimensions 23 cm.
520 ## - SUMMARY, ETC.
Summary, etc A handbook of informative data about the Bible containing illustrations, photographs, maps, charts, and diagrams of biblical articles, places, and concepts.
650 ## - SUBJECT ADDED ENTRY--TOPICAL TERM
Topical term or geographic name as entry element Bible
650 ## - SUBJECT ADDED ENTRY--TOPICAL TERM
Topical term or geographic name as entry element Bible
General subdivision Handbooks, Manuals, etc.
650 ## - SUBJECT ADDED ENTRY--TOPICAL TERM
Topical term or geographic name as entry element Bible
General subdivision Juvenile Literature
942 ## - ADDED ENTRY ELEMENTS (KOHA)
Source of classification or shelving scheme
Koha item type Books
Copies
Date last seen Date acquired Withdrawn status Koha item type Copy number Permanent Location Damaged status Full call number Source of classification or shelving scheme Barcode Not for loan Price effective from Shelving location Lost status
2010-04-142010-04-14 Books1RHEMA Bible Training College BS 539 .R53 1093 2010-04-14General Stacks